كتاب ادب القضاء أو الدرر المنظومات فى الاقضية والحكومات / (Record no. 37651)
[ view plain ]
| 000 -الفاتح | |
|---|---|
| حقل البيانات ثابتة الطول | 00726nam a2200181Ia 4500 |
| 008 - عناصر البيانات ثابتة الطول - معلومات عامة | |
| حقل البيانات ثابتة الطول | 140319s9999 xx 000 0 ara d |
| 040 ## - مصدر الفهرسة | |
| وكالة الفهرسة الأصلية | GCL / |
| وكالة النسخ | GCL |
| 082 04 - رقم تصنيف ديوى العشرى | |
| رقم التصنيف | 257.5 |
| رقم المادة | ا ع |
| 100 1# - المدخل الرئيسى - إسم شخصى | |
| الإسم الشخصى | محمد عبدالقادر احمد عطا |
| 245 10 - بيان العنوان | |
| العنوان | كتاب ادب القضاء أو الدرر المنظومات فى الاقضية والحكومات / |
| بيان المسئوليه,etc | محمد عبدالقادر احمد عطا |
| 700 1# - المدخل الاضافى - اسم شخصى | |
| الإسم الشخصى | ابن ابى الدم : ابو اسحاق شهاب الدين ابراهيم بن عبدالله بن عبدالمنعم الهمدانى |
| 300 ## - الوصف المادى | |
| التعداد | 563 ص |
| 490 ## - بيان السلسلة | |
| عنوان السلسلة | |
| 650 04 - المدخل الاضافى بالموضوع-مصطلح موضوعى | |
| مصطلح موضوعي | الشريعة الاسلامية |
| 650 04 - المدخل الاضافى بالموضوع-مصطلح موضوعى | |
| مصطلح موضوعي | القضاء فى الاسلام |
| 942 ## - عناصر المدخل الإضافي( كوها) | |
| مصدر التصنيف او مخطط الترفيف | Dewey Decimal Classification |
| Koha [default] item type | كتاب |
| حالة التراجع | حالة الفقد | حالة تلف | ليس للاعارة | المكان المؤقت | الموقع الحالى | تاريخ الاكتساب | اجمالي اﻻعارات | رقم الطلب | الباركود | تاريخ اخر مشاهدة | تاريخ تفعيل السعر | نوع وعاء كوها |
|---|---|---|---|---|---|---|---|---|---|---|---|---|
| مكتبة القاهرة الكبرى | مكتبة القاهرة الكبرى | 03/26/2014 | 257.5\ا ع | 91942 | 03/26/2014 | 03/26/2014 | كتاب | |||||
| مكتبة القاهرة الكبرى | مكتبة القاهرة الكبرى | 03/26/2014 | 257.5\ا ع | 91943 | 03/26/2014 | 03/26/2014 | كتاب |

